Quantitative and qualitative changes in membrane proteins during petal senescence (Record no. 45694)

MARC details
000 -LEADER
fixed length control field 00432nam a2200157Ia 4500
100 ## - MAIN ENTRY--AUTHOR NAME
Personal name Borochov A
245 #0 - TITLE STATEMENT
Title Quantitative and qualitative changes in membrane proteins during petal senescence
260 ## - PUBLICATION, DISTRIBUTION, ETC. (IMPRINT)
Name of publisher Journal of Plant Physiology
Year of publication 1990
300 ## - PHYSICAL DESCRIPTION
Number of Pages 203-207
700 ## - ADDED ENTRY--PERSONAL NAME
Personal name Borochov-Neori H
700 ## - ADDED ENTRY--PERSONAL NAME
Personal name Drori A
700 ## - ADDED ENTRY--PERSONAL NAME
Personal name Mayak S
700 ## - ADDED ENTRY--PERSONAL NAME
Personal name Tirosh T
942 ## - ADDED ENTRY ELEMENTS (KOHA)
Koha item type Reprints
Holdings
Withdrawn status Lost status Damaged status Not for loan Home library Current library Date acquired Serial Enumeration / chronology Accession Number Koha item type
      Reprints RRII Library RRII Library 22/12/2021 Volume 136, Issue P01442 Reprints